Normal view
MARC view
- Goodman, James
Entry Personal Name
001 - CONTROL NUMBER
- control field: 94838
003 - CONTROL NUMBER IDENTIFIER
- control field: NUST
005 - DATE AND TIME OF LATEST TRANSACTION
- control field: 20220725094842.0
008 - FIXED-LENGTH DATA ELEMENTS
- fixed length control field: 220725|| aca||aabn | a|a d
040 ## - CATALOGING SOURCE
- Original cataloging agency: NUST
- Transcribing agency: NUST
100 ## - HEADING--PERSONAL NAME
- Personal name: Goodman, James
670 ## - SOURCE DATA FOUND
- Source citation: Work cat.: (NUST)176754: Goodman, James, A programmer's view of computer architecture :, c1993.
